000 00675nam a2200253Ia 4500
003 OSt
005 20220912145050.0
006 a|||||r|||| 00| 0
007 ta
008 220909b |||||||| |||| 00| 0 eng d
024 _a66623
037 _cTextual
040 _aCSL
_beng
_cCSL
041 _aeng
082 _aF9496v73, F8 CL
100 _aStanlislaus I.V.S.
245 0 _aAmerican soap makers guide
260 _aNew York
_bHenry Corey Baird
_c1928
300 _axi,709p.
_ccm.
650 _aFats
700 _a Meerbott P.B.
942 _hF9496v73, F8 CL
_cTEXL
_2CC
999 _c22240
_d22240